Documentos de congresos Guaymíes sobre los proyectos de Cerro Colorado y de las hidroeléctricas "Teribe" y "Changuinola"
Uloženo v:
| Korporativní autor: | |
|---|---|
| Médium: | Text |
| Vydáno: |
Panamá
|
| Tagy: |
Přidat tag
Žádné tagy, Buďte první, kdo vytvoří štítek k tomuto záznamu!
|
MARC
| LEADER | 00000 a a2200000 04500 | ||
|---|---|---|---|
| 001 | 20357 | ||
| 003 | |||
| 040 | |||
| 090 | |a 084800 | ||
| 110 | |a Comisión Guaymí de Estudio y Análisis de Proyectos de Desarrollo | ||
| 245 | |a Documentos de congresos Guaymíes sobre los proyectos de Cerro Colorado y de las hidroeléctricas "Teribe" y "Changuinola" | ||
| 260 | |a Panamá | ||
| 300 | |a 96 p. | ||
| 999 | |c 14034 |d 14034 | ||
